Handbook of Behavioral Neurobiology: Volume 2 Neuropsychology / (Record no. 449)

000 -LEADER
fixed length control field 01384nam a22004217a 4500
001 - CONTROL NUMBER
control field 1792512
003 - CONTROL NUMBER IDENTIFIER
control field OSt
005 - DATE AND TIME OF LATEST TRANSACTION
control field 20210420055514.0
008 - FIXED-LENGTH DATA ELEMENTS--GENERAL INFORMATION
fixed length control field 781012s1979 nyu b 001 0 eng
010 ## - LIBRARY OF CONGRESS CONTROL NUMBER
LC control number 78021459
020 ## - INTERNATIONAL STANDARD BOOK NUMBER
International Standard Book Number 0306351927
040 ## - CATALOGING SOURCE
Original cataloging agency eng
Transcribing agency DLC
Modifying agency eng
041 ## - LANGUAGE CODE
Language code of text/sound track or separate title eng
050 00 - LIBRARY OF CONGRESS CALL NUMBER
Classification number RC386.5
Item number .N473
060 ## - NATIONAL LIBRARY OF MEDICINE CALL NUMBER
Classification number WL102.3 H236 v. 2
080 ## - UNIVERSAL DECIMAL CLASSIFICATION NUMBER
Universal Decimal Classification number 616.8
Item number G-29
082 00 - DEWEY DECIMAL CLASSIFICATION NUMBER
Classification number 616.8
100 ## - MAIN ENTRY--PERSONAL NAME
9 (RLIN) 357
Personal name Gazzanigra, S. Michael
Relator term Editor
245 00 - TITLE STATEMENT
Title Handbook of Behavioral Neurobiology: Volume 2 Neuropsychology /
Statement of responsibility, etc. edited by Michael S. Gazzaniga.
260 ## - PUBLICATION, DISTRIBUTION, ETC.
Place of publication, distribution, etc. New York :
Name of publisher, distributor, etc. Plenum Press,
Date of publication, distribution, etc. c1979.
300 ## - PHYSICAL DESCRIPTION
Extent xx, 566 p. :
Other physical details ill. ;
Dimensions 27 cm.
440 #0 - SERIES STATEMENT/ADDED ENTRY--TITLE
Title Handbook of behavioral neurobiology ;
Volume/sequential designation v. 2
504 ## - BIBLIOGRAPHY, ETC. NOTE
Bibliography, etc. note Includes bibliographies and index.
650 #0 - SUBJECT ADDED ENTRY--TOPICAL TERM
Topical term or geographic name entry element Brain
General subdivision Diseases
-- Diagnosis.
650 #0 - SUBJECT ADDED ENTRY--TOPICAL TERM
Topical term or geographic name entry element Neurology
9 (RLIN) 100
650 #0 - SUBJECT ADDED ENTRY--TOPICAL TERM
Topical term or geographic name entry element Neuropsychology.
650 #2 - SUBJECT ADDED ENTRY--TOPICAL TERM
Topical term or geographic name entry element Psychophysiology.
650 #2 - SUBJECT ADDED ENTRY--TOPICAL TERM
Topical term or geographic name entry element Language.
650 #2 - SUBJECT ADDED ENTRY--TOPICAL TERM
Topical term or geographic name entry element Language disorders.
653 ## - INDEX TERM--UNCONTROLLED
Uncontrolled term ნევროლოგია
653 ## - INDEX TERM--UNCONTROLLED
Uncontrolled term ნეიროფსიქოლოგია
653 ## - INDEX TERM--UNCONTROLLED
Uncontrolled term ფსიქოფიზიოლოგია
653 ## - INDEX TERM--UNCONTROLLED
Uncontrolled term თავის ტვინი
653 ## - INDEX TERM--UNCONTROLLED
Uncontrolled term მეტყველების დარღვევები
700 1# - ADDED ENTRY--PERSONAL NAME
Personal name Gazzaniga, Michael S.
906 ## - LOCAL DATA ELEMENT F, LDF (RLIN)
a 7
b cbc
c orignew
d 1
e ocip
f 19
g y-gencatlg
942 ## - ADDED ENTRY ELEMENTS (KOHA)
Source of classification or shelving scheme
Koha item type Books
Holdings
Withdrawn status Lost status Source of classification or shelving scheme Damaged status Not for loan Permanent location Current location Date acquired Inventory number Total Checkouts Full call number Barcode Date last seen Price effective from Koha item type
          Ken Walker International University Ken Walker International University 11/26/2020 118   616.8 G-29 118 11/26/2020 11/26/2020 Books

Powered by Koha